|
|
|
|
| LEADER |
00000nam a2200000 a 4500 |
| 001 |
vtls001105773 |
| 003 |
SK-MaSNL |
| 005 |
20260309123853.0 |
| 008 |
250414s1977 xo 0 slo |
| 015 |
|
|
|a SNBA1977
|
| 035 |
|
|
|a SNK000048615
|
| 040 |
|
|
|a SNK
|b slo
|c SNK
|e AACR2
|
| 041 |
0 |
|
|a slo
|
| 044 |
|
|
|a xo
|c SK
|
| 080 |
|
|
|a 885.0-96:973"16/19"
|2 1981
|
| 080 |
|
|
|a 973"16/19"
|2 1981
|
| 100 |
1 |
|
|a Stingl, Miloslav,
|d 1930-2020
|4 aut
|9 199893
|
| 245 |
1 |
0 |
|a Indiáni na vojnovom chodníku
|c Miloslav STINGL ; Miloslav Stingl, Katarína Hatalová, Adela Jakabová
|
| 250 |
|
|
|a 1. vyd.
|
| 260 |
|
|
|a Bratislava
|b Mladé letá
|c 1977
|e Bratislava
|f Svornosť
|
| 300 |
|
|
|a 223 s., 15,74 AH
|b Tb.
|c 21 cm
|
| 366 |
|
|
|e 14000 výtl.
|
| 490 |
0 |
|
|a Klub mladých čitateĺov
|
| 500 |
|
|
|a Lit. 30. Ilustr. na front. Predsádky. Chronolog. prehĺad bojov amerických indiánov. Pre čitateĺov od 13 rokov. 30 zázn. lit. o knihách a zbor. v jaz. slov., čes., rus., angl., nem. a poĺ.
|
| 700 |
1 |
|
|a Stingl, Miloslav,
|d 1930-2020
|4 aut
|9 199893
|
| 700 |
1 |
|
|a Hatalová, Katarína,
|d 1931-
|4 trl
|9 226355
|
| 700 |
1 |
|
|a Jakabová, Adela,
|d 1945-
|4 bkd
|9 37010
|
| 852 |
|
|
|a Slovenská národná knižnica
|
| 954 |
|
|
|a výklady populárnonáučné
|a literatúra pre deti a mládež
|a literatúra faktu
|
| 954 |
|
|
|a USA
|a Kanada
|a Indiáni americkí
|
| 958 |
|
|
|a OND
|
| 958 |
|
|
|a DB
|
| 958 |
|
|
|a TL
|
| 958 |
|
|
|a UP
|
| 999 |
|
|
|c 534744
|d 536674
|
| 952 |
|
|
|a SNK
|b SNK
|y VYP
|7 0
|p 17A1076839
|o snkSC 2168 D1
|i snkKSP 2168/77
|0 0
|1 0
|4 0
|d 2014-09-16
|l 0
|r 2026-02-23 12:21:44
|w 2026-02-23
|